000 01207aam a2200409a 44500
008 930106s1979 cat
017 _aB-17457-1979
020 _a8429714766
041 _acat
041 _beng
041 _bfre
041 _bger
041 _bspa
080 _a621.039(038)
100 _aLloret i Orriols, Antoni
_964376
245 _aDiccionari de la ciència i la tecnologia nuclears: Amb l'equivalència de les veus en castellà, francès, anglès i alemany
245 _cAntoni Lloret i Orriols
260 _aBarcelona
260 _bEdicions 62
260 _c1979
300 _a316 p.
_c20 cm
500 _aCategoria gramatical, sinònims
500 _aVocabulari castellà-català: p.255. Vocabulari francès-català: p.271. Vocabulari anglès-català: p.287. Vocabulari alemany-català: p.301
520 _aaprox. 1300
546 _acatalà
591 _a293
592 _aObra terminològica
593 _aGQG
594 _a293
650 _aenergia nuclear
_961138
650 _atecnologia nuclear
_961658
901 _c<1979>
902 _a930106
942 _cMO
_n0
999 _c53726
_d53726